000 00220nam a2200085Ia 4500
245 0 _aA girl's best friend
100 _a YOUNG, Liz London, 2003
_9112495
942 _cBK
008 210825s9999 xx 000 0 und d
999 _c515989
_d515988